Rapsy które słyszałeś 200 razy a i tak nie znasz Wersow - Statystyki

Ogólne statystyki
  • Ten quiz został rozwiązany 261 razy
  • Średni wynik to 23 z 72
Statystyki odpowiedzi
Hint Odpowiedź % Poprawnych
Wykonawca Otsochodzi
74%
Podaję jej telefon na scenę iPhone 7 Nie, nie
70%
Wykonawca Quebonafide
66%
Wykonawca Tymek
61%
Weź to skończ albo zabij mnie Strzelają do mnie jak do Harambe Half Dead
60%
Wykonawca White 2115
60%
Wykonawca Oki
59%
Chce Ciebie, nie idiotkę która zrobi wszystko, żeby wkraść się w to co modne Język ciała
56%
Ja miękkie wyro wolę Jim Beam, nie Ciroc, Moët California
54%
Wykonawca Reto
52%
Wykonawca Paluch
50%
Mały sklepik jest niczym zoo i trafi tam każdy na osiedlu Za kasą stoi małpeczek sto, a obok nich leży se Żubr i Red Bull Papierosy
49%
Twarze polityków uśmiechnięte na laleczkach voodoo Przeciągamy im przez trzewia zardzewiały drut Szaman
49%
I kiedy rapowe numery poleciały tak daleko, kaleko, pokaże Ci jak robi się to g*wno Whoop
49%
Wykonawca Reto
48%
Wykonawca Bedoes
46%
Najwięcej powrotów to nie pamiętam tych z nad Wisły Nocny nigdy nie stał w korku, chociaż pełen jakby szczyt był UA
46%
Wykonawca Young Igi
46%
Kosa z wieloma ludźmi, każdy idzie w swoją stronę Mam dużo do stracenia, myślę żeby mieć ochronę Bestia
45%
Wykonawca Bedoes
42%
I koisz nerwy, odbijam ten zepsuty świat Candy
41%
Ale wiesz, wiesz, wiesz jak bywa Czasem się kłócimy, chociaż wie, że nagrywam Eldorado
41%
Wykonawca Quebonafide
40%
Wykonawca Mata
38%
Tylko dziś nam miny zrzedły, stara miłość, inny wóz 8 kobiet
37%
Wykonawca Taconafide
37%
Twój idol babochłop, piwo ma ze słomką A nie pamiętasz jak
34%
Wykonawca Quebonafide
32%
Jak piłka, to tylko Agrykola albo Fabryczna Biblioteka Trap
31%
Wykonawca Paluch
31%
Wykonawca Schafter
31%
Wykonawca Tymek
31%
Rozlewałem wtedy sosy jak Pollock I słuchałem bitów z crunkową perkusją BUBBLETEA
30%
Zawsze może być gorzej, wszędzie dobrze gdzie nas nie ma Bogaci szukają miłości, biedni szczęścia w monetach Bez strachu
28%
Brak samokontroli, 808 z "Magnolii" Hot coffee
28%
Gdzie byłeś, ku*asie, kiedy Maciek kupował se Gucci pasek z AliExpress? Kwiat Polskiej Młodzieży
28%
Tutaj wszyscy spięci, zapętleni, zajęci Smutni, od życia zjedli zęby Niech im się poszczęści Rainman
28%
Wykonawca Reto
28%
Wykonawca Taconafide
27%
Oni znowu się sprzedają, no bo kwitnie handel Tamagotchi
26%
Twoje skille jak pustki w Tokio nie istnieją, bez szans Moje skille jak pustki w Tokio - nie ma dla nich miejsca Bossman
25%
Wykonawca Mata
25%
Chcesz sprawdzić to kung-fu? Zapraszam włącz się GOMBAO 33
24%
Wykonawca Ekipa
23%
Wykonawca Hotel Maffija
23%
Wykonawca Taco Hemingway
23%
Wykonawca Young Multi
23%
Nie chcę już płakać, to nie są te czasy Nie, nikt ze mną nie trzymał takie są fakty Dziś portfel mam pełen, ja chcę te kontrakty Plecak
22%
Wykonawca Taco Hemingway
22%
Twoje serce szybciuteńko skradnę Na luzaku, tworzymy mocną bandę Przejmujemy jutuby
21%
Znowu się martwię, że na stałe się osiedlisz na wyspie Fiji
20%
Wiemy dobrze jak smakuje beton Górą Ty
20%
Wykonawca Quebonafide
20%
Wykonawca Taco Hemingway
20%
Żeby wyglądać jak kot, no bo mój team Wpier*ala się jak drop od Supreme Cest la vie
19%
Pełen bak, pusta droga, seria zielonych świateł Deszcz na betonie
19%
Wykonawca Golec uOrkiestra
18%
Wszyscy trochę zaniedbani, każdy pas zaciska Następna stacja
18%
Wykonawca Sarius
17%
Pytałeś o model, nie wiesz co to za Nike'i? Sweet Dreams Chinese NajsHajs
16%
Wykonawca Białas
14%
Wykonawca Guzior
13%
Nie widać mnie przez obłok chmur Płuca zlepione topami
13%
Żądają lojalności nagle od nas raperzyny No bo mieli wolny kwit, a ja wolne pół godziny Blakablakablaka
10%
Każdy dzień tu przeżywać jak w urodziny Ty to bierz na poważnie, nawet w prima aprilis Chcemy być wyżej
9%
Wykonawca Sitek
9%
Nie umieramy nawet gdy nieodwracalnie oczy zamykamy Magenta
8%
Na blokach mija nas od chwili Gdy zobaczyła jak kopcimy Ona to ziomal
8%
Wykonawca Pezet
8%
Wykonawca PlanBe
8%
Jak kibic pójdę za tymi, którzy tu wbili słusznie Dostanę pewnie za to CD szóstkę Chore jazdy
6%
Wykonawca Kuban
5%
Nie znaleziono quizów pasujących do podanych kryteriów
Rozkład punktacji
Procent ludzi z każdym wynikiem
Percentyl według liczby udzielonych odpowiedzi
Twoja historia wyników
Nie rozwiązałeś tego quizu